Countries Closest to Malé - Statistics

General Stats
  • This quiz has been taken 871 times
    644 since last reset
  • The average score is 17 of 20
Answer Stats
km country miles % Correct
607 India 377
98%
760 Sri Lanka 472
95%
2371 Oman 1473
92%
2248 Pakistan 1397
92%
2286 Yemen 1420
90%
2391 Indonesia 1486
88%
2663 Iran 1655
88%
2776 Nepal 1725
88%
2671 Saudi Arabia 1660
88%
3016 Bhutan 1874
86%
2955 China 1836
86%
2579 Bangladesh 1602
85%
2536 Somalia 1576
85%
2770 Thailand 1721
85%
2853 United Arab Emirates 1773
85%
2619 Myanmar 1628
84%
2958 Afghanistan 1838
82%
2961 Malaysia 1840
81%
2173 Seychelles 1350
80%
2855 Ethiopia 1774
73%
No matching quizzes found
Score Distribution
Percent of People with Each Score
Percentile by Number Answered
Your Score History
You have not taken this quiz since the last reset